[Event "Heraklion op 6th"]
[Site "Heraklion"]
[Date "2010.08.22"]
[Round "1"]
[White "Datseris, Giorgos"]
[Black "Klokas, Konstantinos"]
[Result "0-1"]
[WhiteElo "1025"]
[BlackElo "2161"]
[PlyCount "94"]
[EventDate "2010.08.22"]
[EventType "swiss"]
[EventRounds "9"]
[EventCountry "GRE"]
[SourceTitle "CBM 138 Extra"]
[Source "ChessBase"]
[SourceDate "2010.10.29"]
[SourceVersion "1"]
[SourceVersionDate "2010.10.29"]
[SourceQuality "1"]

1. d4 c5 2. Nf3 cxd4 3. Nxd4 e5 4. Nf3 Nc6 5. e4 Nf6 6. Nc3 Bb4 7. Bg5 Bxc3+ 8. bxc3 Qa5 9. Bxf6 Qxc3+ 10. Nd2 gxf6 11. Bd3 Nb4 12. 0-0 Nxd3 13. cxd3 Qxd3 14. Nf3 Qxe4 15. Qd6 Qc6 16. Rad1 Rg8 17. Qxc6 dxc6 18. Rfe1 Bg4 19. Kh1 Rd8 20. Rb1 b6 21. Re3 Ke7 22. Rbe1 Bxf3 23. Rxf3 Rd2 24. a3 Rgd8 25. h3 Rd1 26. Rxd1 Rxd1+ 27. Kh2 c5 28. Re3 c4 29. f4 Rd3 30. Re1 Kd6 31. f5 Rxa3 32. Rd1+ Rd3 33. Ra1 a5 34. Rb1 Kc5 35. Kg1 c3 36. Kf2 c2 37. Rc1 Rd2+ 38. Ke3 Rxg2 39. Kd3 b5 40. Kc3 a4 41. Kb2 b4 42. h4 b3 43. Ka1 a3 44. Re1 b2+ 45. Ka2 c1Q 46. Rxc1+ bxc1Q+ 47. Kb3 Qc4+ 0-1